000 00630nam a2200181Ia 4500
003 GCL
008 140319s9999 xx 000 0 ara d
040 _aGCL /
_cGCL
082 0 4 _a212
_bم ا
100 1 _aالحارث المحاسبى : ابو عبدالله الحارث بن اسد
245 1 0 _aاداب النفوس /
_cالحارث المحاسبى : ابو عبدالله الحارث بن اسد
260 _a[S.N] :
_bدار الجيل ،
_c1987
300 _a199 ص
490 _a
650 0 4 _aالاداب الاسلامية
650 0 4 _aالمحاسبى, ابى عبدالله الحارث
942 _2ddc
_cBK
999 _c54655
_d54655